000
00299nam a2200133Ia 4500
100
_a
Botkar/K.R
942
_c
BK
654
_a
microelectronics
245
_a
Microelectronics:digital and analog
260
_b
Khanna
_a
Delhi
_c
1991
082
_a
621.38179
_b
BOT
300
_a
1346
546
_a
ENGLISH
999
_c
29105
_d
29105